| 000 | 00405nam a2200157Ia 4500 | ||
|---|---|---|---|
| 008 | 160316s1986 xxu||||| |||| 00| 0 eng d | ||
| 082 |
_a340.030000 _bSTR-II |
||
| 100 | _aStroud | ||
| 245 | _aJudicial dictionary of words and phrases. Vol.2(E-I) | ||
| 250 | _a5th | ||
| 260 |
_aLondon _bSweet & Maxwell _c1986 |
||
| 300 |
_a1200p _b _c |
||
| 365 | _b | ||
| 650 | _a1.Judicial Dictionary | ||
| 700 |
_a _a |
||
| 999 |
_c10642 _d10642 |
||